Countries that start from A - Statistics

General Stats
  • This quiz has been taken 9 times
  • The average score is 6 of 11
Answer Stats
Country % Correct
Algeria
83%
Angola
67%
Argentina
67%
Australia
67%
Azerbaijan
67%
Afghanistan
50%
Andorra
50%
Antigua & Barbuda
50%
Armenia
33%
Austria
33%
Albania
17%
No matching quizzes found
Score Distribution
Percent of People with Each Score
Percentile by Number Answered
Your Score History
You have not taken this quiz